000 00448nam a2200181Ia 4500
003 GCL
008 140319s9999 xx 000 0 eng d
040 _aGCL /
_cGCL
082 0 4 _a598
_bT B
100 1 _aTAKANO, SHINJ
245 1 0 _aBIRDS OF JAPAN IN PHOTOGRAPHY /
_cTAKANO, SHINJ
260 _a[S.N] :
_bTAKA: UNIVERSITY PRESS ،
_c1981
300 _a481 p
650 0 4 _aBIRDS
650 0 4 _aJAPAN
650 0 4 _aPHOTOGRAPHY
942 _2ddc
_cBK
999 _c19287
_d19287